Quizzes
Events
Quiz Creation
Community
Videos
Private Events
Remove Ads
Sign In
Join for FREE
Feedback
Dark Mode
Quiz Categories
Sports
Geography
Music
Movies
Television
Just For Fun
Miscellaneous
History
Literature
Language
Science
Gaming
Entertainment
Religion
Holiday
For Kids
Quiz Lab
Recent
Popular Today
Quiz Kudos Today
Editor Picks
Curator Picks
Quizzes by...
Day
Popularity
Type
Ratings
Length
Year
Community
Subscriptions
Recent Discussions
Orange Saloon
Badges
Playlists
Quests
Create
Leaderboards
Showdown
Live 5
Trivia Bingo
Activity
Puzzle Library
Sporcle Events
Private Events
Virtual Trivia
Globe League
Become a Host
Pub Owners
SporcleCon
Opinionation
Our Games
Videos
Blog
Mobile Apps
Partnerships
Remove Ads and Go Orange
Feedback
Music
Pop Music
The Beatles
Song
Album
Lyrics
Bands
Singers
Artist
Clip
Rock
Rap
Classical
Billboard
Country Music
Kpop
Taylor Swift
Music
Pop Music
The Beatles
Song
Album
Lyrics
Bands
Singers
Artist
Clip
Rock
Rap
Classical
Billboard
Country Music
Kpop
Taylor Swift
Random Quiz
Search Sporcle
×
Quiz Lab
Quiz Lab
Music
The Beatles
Click on answers out of a set of options
Click on answers out of a set of options
Multiple Choice
Best Score? Go Orange.
Songs on The Beatles Albums Stats
Can you choose the Songs on Beatles Albums?
By
downunder
5m
10 Questions
94 Plays
94 Plays
94 Plays
Comments
Comments
Give Quiz Kudos
Give Quiz Kudos
-
- Ratings
hide this ad
More Info
Random Order
Randomize order of answers
Randomize order of answers
Replay
Link that replays current quiz
Next Quiz
Link to next quiz in quiz playlist
You Got
0%
They Got
Avg Score
71%
Avg Friend Score
Upgrade to see
Score Distribution
Jump to the score distribution portion of the page
Score
0/10
Timer
05:00
0
Plays Today
Question
Answer
Wrong Answers
THE BEATLES (aka THE WHITE ALBUM)
Lucy In The Sky With Diamonds
77.7%
Back In The U.S.S.R.
5.3%
While My Guitar Gently Weeps
1.1%
Blackbird
3.2%
SGT. PEPPER'S LONELY HEARTS CLUB BAND
Something
76.6%
Getting Better
5.3%
A Day In The Life
6.4%
She's Leaving Home
3.2%
BEATLES FOR SALE
Hello, Goodbye
75.5%
I'll Follow The Sun
7.4%
Eight Days A Week
5.3%
No Reply
5.3%
MAGICAL MYSTERY TOUR
Octopus's Garden
75.5%
The Fool On The Hill
6.4%
I Am The Walrus
2.1%
Penny Lane
5.3%
LET IT BE
Golden Slumbers
74.5%
Across The Universe
5.3%
The Long And Winding Road
6.4%
Get Back
2.1%
RUBBER SOUL
Here Comes The Sun
74.5%
Norwegian Wood (This Bird Has Flown)
3.2%
Girl
5.3%
Drive My Car
5.3%
REVOLVER
Yesterday
73.4%
Here, There And Everywhere
3.2%
Eleanor Rigby
7.4%
Taxman
6.4%
ABBEY ROAD
In My Life
71.3%
The End
8.5%
Come Together
9.6%
Oh! Darling
1.1%
HELP!
And I Love Her
66%
You've Got To Hide Your Love Away
4.3%
Act Naturally
10.6%
Ticket To Ride
8.5%
A HARD DAY'S NIGHT
It Won't Be Long
54.3%
If I Fell
5.3%
Things We Said Today
8.5%
Can't Buy Me Love
19.1%
Quiz Playlist
Details
Report
Send in Message
Add To Playlist
More Info:
Select the song that was not on the albums mentioned. Answers relate to the UK versions of track listings.
Multiple Choice:
Click on answers out of a set of options
Random Order:
Randomize order of answers
Last Updated: Feb 16, 2017
Quiz Scoreboard
CHALLENGE
Sign Up to Join the Scoreboard
Show All
Scores
Hide
Comments
May contain spoilers
Recently Published
1-10 Letter E Words III
by El_Dandy
Language
2m
One Thing in Common: World Cities II
by knightlancer
Geography
7m
Popular People in 1961
by mucciniale
History
6m
More to Explore
Quiz From the Vault
Featured Blog Post
Where Did the Easter Bunny Come From?
hide this ad
You Might Also Like...
Tags
The Beatles Quiz
Today's Top Quizzes in Music
Browse Music
hide this ad
Today's Top Quizzes in The Beatles
Browse The Beatles
Top Contributed Quizzes in Music
1
Taylor Swift All Songs (2024)
2
2010s Album by Cover III
3
Taylor Swift Logic Puzzle
4
One Thing in Common: Music
5
Guess the Artist- 70s Songs
6
Guess the Taylor Swift song (Mystery Song)
7
2010s Album by Cover V
8
2010s Album by Cover IV
9
Lana Del Rey Discography (BTD to DYKTTATUOB)
10
KPOP LOGIC QUIZ
Explore More
Trending Topics
Marvel
Crossword
Disney
Anime
Harry Potter
NBA
Kpop
Puzzle
The Office
Soccer
Country
NFL
Song
WWE
Pokémon
hide this ad
More By:
downunder
Quiz
Plays
Rating
Category
Featured
Created
Top Charting Musical Artists (1980s)
26,656
4.12
Music
Dec 1, 2013
'LES MISERABLES' QUIZ
18,201
2.35
Entertainment
Feb 7, 2013
GAME OF THRONES SEASON 1 QUIZ
10,430
3.86
Television
Dec 4, 2016
GAME OF THRONES SEASON 2 QUIZ
6,739
4.00
Television
Dec 6, 2016
GAME OF THRONES SEASON 3 QUIZ
5,355
4.75
Television
Dec 8, 2016
Go to Creator's Profile
Score Distribution
Quiz Creator Spotlight
downunder
Follow
Send a Message
Quizzes Created
-
Created Quiz Play Count
-
More By This Creator
Popular Quizzes Today
1
Find the US States - No Outlines Minefield
2
The Countries of the World
3
Find the Countries of Europe - No Outlines Minefield
4
Popular People in 1961
5
1-10 Letter E Words III
6
Find the US States
7
One Thing in Common: World Cities II
8
US States
More Music Quizzes
Guess the kpop song by its definition Part 4
Quiz Lab
Trending Quizzes
Risky Map Clicking: Least Populous States A-Z
1-10 Letter F Words
1-10 Letter G Words
One Thing in Common: United Kingdom
Risky Map Clicking: Next State Alphabetically
Recently Updated
Leaping Animals
pecheneg
Reality TV Shows (A-Z)
bhenderson79
Rickey Henderson's Hall of Fame Teammates
pecheneg
Champions League XIs: Arsenal
pecheneg
Quick Pick: Celebrities in WWE's Hall of Fame
aduchscher
A-Z Keypad Blitz II
pecheneg
Multiple Oscar Actors
pecheneg
Mystery Phrase Blitz: Oscar 'Best Actors'
pecheneg
F. Scott Fitzgerald Novels
LTH
Pick 3 Villains
ddd62291
Trending Topics
Kpop
Marvel
NBA
Disney
Harry Potter
Anime
Crossword
Song
Country
Soccer
Puzzle
NFL
Pokémon
The Office
WWE
Your Account Isn't Verified!
In order to create a playlist on Sporcle, you need to verify the email address you used during registration. Go to your
Sporcle Settings
to finish the process.
Report this User
Report this user for behavior that violates our
Community Guidelines
.
Details:
Send Report
Go to the Sporcle.com Mobile Site →
Comments